[Event "Saint Affrique op 10th"]
[Site "Saint Affrique"]
[Date "2002.??.??"]
[Round "7"]
[White "Pujos, Stephane"]
[Black "Delchev, Aleksander"]
[Result "0-1"]
[WhiteElo "2297"]
[BlackElo "2591"]
[PlyCount "58"]
[EventDate "2002.07.20"]
[EventType "swiss"]
[EventRounds "9"]
[EventCountry "FRA"]
[SourceTitle "EXT 2003"]
[Source "ChessBase"]
[SourceDate "2002.11.25"]
[SourceVersion "1"]
[SourceVersionDate "2002.11.25"]
[SourceQuality "1"]

1. e4 c5 2. Nf3 e6 3. d4 cxd4 4. c3 Nf6 5. e5 Nd5 6. cxd4 d6 7. Bd3 Nb4 8. Be2 dxe5 9. dxe5 Qxd1+ 10. Kxd1 Be7 11. a3 Nd5 12. Bd2 Bd7 13. Nc3 Nxc3+ 14. Bxc3 Ba4+ 15. Kd2 Nd7 16. Rhb1 0-0-0 17. Ke1 Nc5 18. Bb4 Kb8 19. Rc1 Rc8 20. Rc3 b6 21. Ba6 Nxa6 22. Rxc8+ Rxc8 23. Bxe7 Nc5 24. Ke2 Nb3 25. Rb1 Rc2+ 26. Ke3 Bb5 27. Bh4 h6 28. Nd4 Nxd4 29. Kxd4 Rc4+ 0-1